[Event "ICS rated bullet match"]
[Site "204.178.125.65"]
[Date "2000.05.07"]
[Round "?"]
[White "Hossa"]
[Black "StrongBach"]
[Result "1-0"]
[WhiteElo "2281"]
[BlackElo "2089"]
[PlyCount "71"]
[EventDate "2000.??.??"]

1. e4 e6 2. d4 Be7 3. Nf3 f6 4. Bb5 c6 5. Bd3 d6 6. c4 Qc7 7. Nc3 f5 8. O-O
fxe4 9. Nxe4 Nf6 10. Neg5 Bd7 11. Qc2 g6 12. Bxg6+ Kf8 13. Nxh7+ Kg7 14. Nxf6
Bxf6 15. Bg5 Bxg5 16. Nxg5 d5 17. Bh7 Qf4 18. Qg6+ Kf8 19. Qh6+ Ke8 20. Bg6+
Ke7 21. Qg7+ Kd8 22. Qxh8+ Kc7 23. Nf7 Kb6 24. Qd8+ Ka6 25. Ne5 Qh6 26. Nxd7
Nxd7 27. Qxa8 Qxg6 28. cxd5 Nb6 29. Qh8 cxd5 30. Rac1 Na4 31. b4 Qg4 32. Qe8
Nb2 33. a4 Qxg2+ 34. Kxg2 Nxa4 35. Qxa4+ Kb6 36. Qa5# 1-0

[Event "ICS rated blitz match"]
[Site "204.178.125.65"]
[Date "2000.05.07"]
[Round "?"]
[White "Tinker"]
[Black "Hossa"]
[Result "1-0"]
[WhiteElo "2574"]
[BlackElo "2468"]
[PlyCount "107"]
[EventDate "2000.??.??"]

1. e4 e5 2. Nc3 Nf6 3. Nf3 Nc6 4. Bc4 Bb4 5. Nd5 Ba5 6. Nxf6+ gxf6 7. Nh4 d6 8.
c3 Be6 9. Bxe6 fxe6 10. b4 Bb6 11. Qh5+ Kd7 12. b5 Ne7 13. O-O Qe8 14. Qf3 Qf7
15. a4 Ng6 16. Nxg6 hxg6 17. a5 Bc5 18. Bb2 Qh7 19. h3 Qh4 20. d4 exd4 21. cxd4
Bb4 22. e5 fxe5 23. a6 exd4 24. axb7 Raf8 25. Qc6+ Ke7 26. Rxa7 Kf6 27. Ra8 Kf5
28. Rxf8+ Rxf8 29. g4+ Ke5 30. b8=Q Rxb8 31. f4+ Kf6 32. g5+ Kf7 33. Qxc7+ Ke8
34. Qxb8+ Kd7 35. Qb7+ Ke8 36. Qc8+ Ke7 37. Qb7+ Ke8 38. Kh2 Bc5 39. b6 Qh5 40.
Re1 e5 41. Qa8+ Ke7 42. b7 Qf3 43. b8=Q Qf2+ 44. Qg2 Qxg2+ 45. Kxg2 Kd7 46.
Qb5+ Ke6 47. fxe5 d3 48. exd6+ Kxd6 49. Qxd3+ Kc7 50. Qc4 Kb6 51. Re6+ Kb7 52.
Qxc5 Kb8 53. Rb6+ Ka8 54. Qa3# {Hossa checkmated} 1-0

[Event "ICS rated standard match"]
[Site "204.178.125.65"]
[Date "2000.05.07"]
[Round "?"]
[White "Girome"]
[Black "Hossa"]
[Result "0-1"]
[WhiteElo "2156"]
[BlackElo "2368"]
[PlyCount "40"]
[EventDate "2000.??.??"]

1. e4 e5 2. Bc4 Nf6 3. d3 Nc6 4. Nc3 Na5 5. Nf3 Nxc4 6. dxc4 Bb4 7. Qd3 d6 8.
Bd2 Bg4 9. O-O-O O-O 10. h3 Bxc3 11. Bxc3 Bxf3 12. Qxf3 Qe8 13. Qf5 Qc6 14.
Rhe1 Qxc4 15. Kb1 Ne8 16. Rd3 a5 17. Rg3 g6 18. h4 a4 19. h5 a3 20. b3 Qxc3 {
Girome resigns} 0-1

[Event "ICS rated blitz match"]
[Site "204.178.125.65"]
[Date "2000.05.07"]
[Round "?"]
[White "Hossa"]
[Black "kako"]
[Result "1-0"]
[WhiteElo "2457"]
[BlackElo "2162"]
[PlyCount "117"]
[EventDate "2000.??.??"]

1. e4 e6 2. d4 d5 3. Nc3 Nf6 4. Bg5 dxe4 5. Nxe4 Nbd7 6. Nf3 Be7 7. Nxf6+ Nxf6
8. Bd3 c5 9. dxc5 Bxc5 10. Bb5+ Bd7 11. Bxf6 gxf6 12. Bxd7+ Qxd7 13. Qxd7+ Kxd7
14. O-O-O+ Ke7 15. Rhf1 Rac8 16. Nd2 Rc7 17. Ne4 Bb6 18. Rfe1 f5 19. Nc3 Kf6
20. Re2 a6 21. Rd6 Rxc3 22. bxc3 Bc5 23. Rd7 b6 24. Kb2 Rg8 25. f4 h5 26. Rd1
h4 27. a4 a5 28. Kb1 Rg4 29. Rf1 Rg8 30. Ka1 Rg6 31. Kb2 Rg4 32. Rf3 Bd6 33.
Ref2 Bc5 34. h3 Rg8 35. Re2 Rg6 36. Rd3 Rg8 37. Kb1 Rc8 38. Rd1 Ba3 39. Red2
Rc4 40. Rd4 Rxc3 41. R4d3 Rxd3 42. Rxd3 Bc5 43. c3 e5 44. fxe5+ Kxe5 45. Kc2 f4
46. Rd7 f5 47. Rd3 Be3 48. Kd1 Ke4 49. Ke2 Bc5 50. Rd7 f3+ 51. gxf3+ Kf4 52.
Rg7 Ba3 53. Rg6 Bc5 54. Rg8 Ba3 55. Kf2 Bc5+ 56. Kg2 Be7 57. Rg6 Bc5 58. Rf6
Ba3 59. Rxb6 {kako resigns} 1-0

[Event "ICS rated blitz match"]
[Site "204.178.125.65"]
[Date "2000.05.07"]
[Round "?"]
[White "Hossa"]
[Black "Tinker"]
[Result "1-0"]
[WhiteElo "2462"]
[BlackElo "2585"]
[PlyCount "129"]
[EventDate "2000.??.??"]

1. e4 e5 2. Nf3 Nf6 3. Nxe5 d6 4. Nf3 Nxe4 5. d4 Nc6 6. Bb5 Qe7 7. O-O Bd7 8.
Nc3 Nxc3 9. bxc3 Qd8 10. Re1+ Ne7 11. Rb1 Bxb5 12. Rxb5 Qc8 13. Qe2 c6 14. Rb1
Qd7 15. Qc4 f6 16. Qb4 O-O-O 17. Qb2 Kb8 18. c4 Nc8 19. Bf4 Be7 20. c3 g5 21.
Be3 g4 22. Nd2 Rde8 23. Bf4 f5 24. c5 Ka8 25. Nc4 Bh4 26. Bxd6 Rxe1+ 27. Rxe1
Re8 28. Rxe8 Qxe8 29. Be5 Bf6 30. Na5 b6 31. cxb6 axb6 32. Nc4 Bxe5 33. Nxe5
Kb7 34. Qb4 Qe6 35. c4 Kc7 36. Qf8 h6 37. Qg7+ Ne7 38. d5 Qd6 39. Nxc6 Kd7 40.
Qf7 f4 41. Qg7 h5 42. Ne5+ Kc7 43. Nd3 Kd7 44. Qg5 b5 45. Qxh5 bxc4 46. Qxg4+
Kc7 47. Nxf4 Nxd5 48. Nxd5+ Qxd5 49. a4 Kb6 50. Qe2 Ka5 51. Qc2 Qd3 52. Qxd3
cxd3 53. Kf1 Kxa4 54. Ke1 Kb3 55. Kd2 Kc4 56. h4 Kd4 57. h5 Ke5 58. Kxd3 Kf6
59. h6 Kg6 60. h7 Kxh7 61. f4 Kh8 62. Ke4 Kg8 63. f5 Kf7 64. Ke5 Kg7 65. f6+ {
Tinker resigns} 1-0

[Event "ICS rated blitz match"]
[Site "204.178.125.65"]
[Date "2000.05.07"]
[Round "?"]
[White "BlueFlame"]
[Black "Hossa"]
[Result "1-0"]
[WhiteElo "2655"]
[BlackElo "2483"]
[PlyCount "86"]
[EventDate "2000.??.??"]

1. e4 e5 2. Nf3 Nc6 3. Bb5 a6 4. Ba4 Nf6 5. O-O Be7 6. Re1 b5 7. Bb3 O-O 8. c3
d6 9. h3 Nb8 10. d4 Nbd7 11. Nbd2 Bb7 12. Bc2 a5 13. Qe2 c6 14. a4 b4 15. cxb4
axb4 16. Nc4 exd4 17. Nxd4 Re8 18. Bg5 d5 19. exd5 cxd5 20. Ne3 Bc5 21. Nb3 Ba6
22. Qd2 Bxe3 23. Bxe3 Qc7 24. Nd4 Qd6 25. Bf4 Qc5 26. Rxe8+ Rxe8 27. Rc1 Qb6
28. Bc7 Qa7 29. Bd6 b3 30. Nxb3 Bc4 31. Nd4 Qb6 32. Ba3 Ne4 33. Qe3 Ndf6 34. b3
Ba6 35. Bb1 Qb8 36. Bc2 Qb6 37. Rd1 Qc7 38. Bb2 Kh8 39. b4 Bc4 40. Re1 Rb8 41.
b5 Ra8 42. Nc6 Qb7 43. Qd4 Ng5 {Hossa resigns} 1-0

[Event "ICS Rated blitz match"]
[Site "204.178.125.65"]
[Date "2000.05.07"]
[Round "?"]
[White "Hossa"]
[Black "PostModernist"]
[Result "1/2-1/2"]
[WhiteElo "2474"]
[BlackElo "2629"]
[PlyCount "143"]
[EventDate "2000.??.??"]

1. e4 c6 2. d4 d5 3. exd5 cxd5 4. Bd3 Nc6 5. c3 Nf6 6. Bf4 g6 7. h3 Bg7 8. Nd2
O-O 9. Ngf3 Nd7 10. O-O e5 11. dxe5 Ndxe5 12. Nxe5 Nxe5 13. Bb5 Qf6 14. Bxe5
Qxe5 15. Re1 Qf4 16. Nf3 a6 17. Ba4 Be6 18. Bb3 Rad8 19. Qe2 Rfe8 20. Rad1 Bd7
21. Qd3 Rxe1+ 22. Rxe1 Bc6 23. Qc2 a5 24. a4 Bf6 25. Rd1 Qc7 26. Re1 Rd6 27.
Qd2 Re6 28. Rxe6 fxe6 29. Qe2 e5 30. Ba2 Kg7 31. Qd2 Qd7 32. b4 axb4 33. cxb4
d4 34. Ng5 Bd5 35. Bxd5 Qxd5 36. Qc1 Bxg5 37. Qxg5 Qd6 38. Kf1 d3 39. Qd2 Qd4
40. a5 Qa1+ 41. Qe1 Qb2 42. Qe3 e4 43. f3 Qxb4 44. fxe4 Qb1+ 45. Kf2 Qc2+ 46.
Kf3 Qd1+ 47. Kg3 Kg8 48. Qd4 Qe1+ 49. Kg4 h5+ 50. Kg5 Qg3+ 51. Kf6 Qf4+ 52. Ke7
d2 53. Qd5+ Kg7 54. Qd4+ Kh7 55. Ke8 h4 56. Qd5 Qe3 57. Qf7+ Kh6 58. Qf8+ Kh5
59. Qh8+ Qh6 60. Qd4 Qf4 61. Kd7 Kh6 62. Qh8+ Kg5 63. Qd4 Qf7+ 64. Kc8 Qe8+ 65.
Kc7 Qc6+ 66. Kb8 Qc2 67. Qe5+ Kh6 68. Qh8+ Kg5 69. Qe5+ Kh6 70. Qh8+ Kg5 71.
Qe5+ Kh6 72. Qh8+ 1/2-1/2

[Event "ICS rated blitz match"]
[Site "204.178.125.65"]
[Date "2000.05.07"]
[Round "?"]
[White "PostModernist"]
[Black "Hossa"]
[Result "1/2-1/2"]
[WhiteElo "2622"]
[BlackElo "2481"]
[PlyCount "58"]
[EventDate "2000.??.??"]

1. d4 d5 2. Nf3 Nf6 3. e3 e6 4. Bd3 c5 5. c3 Be7 6. Nbd2 Nc6 7. O-O O-O 8. dxc5
Bxc5 9. e4 Bb6 10. exd5 exd5 11. Nb3 Bg4 12. Bg5 h6 13. Bxf6 Qxf6 14. Be2 Rfe8
15. Re1 Qf4 16. Qxd5 Rad8 17. Bd3 Re3 18. Rxe3 Bxe3 19. Qe4 Bxf3 20. gxf3 Qg5+
21. Kf1 Bf4 22. h3 g6 23. Ba6 bxa6 24. Qxc6 Qh4 25. Kg2 Qg5+ 26. Kh1 Qh4 27.
Kg2 Qg5+ 28. Kh1 Qh4 29. Kg2 Qg5+ 1/2-1/2

[Event "ICS rated blitz match"]
[Site "204.178.125.65"]
[Date "2000.05.07"]
[Round "?"]
[White "Tinker"]
[Black "Hossa"]
[Result "0-1"]
[WhiteElo "2546"]
[BlackElo "2487"]
[PlyCount "148"]
[EventDate "2000.??.??"]

1. e4 e5 2. Nc3 Nc6 3. d3 Nf6 4. Nf3 Bb4 5. Bd2 d6 6. a3 Bxc3 7. Bxc3 Bg4 8.
Be2 O-O 9. h3 Bxf3 10. Bxf3 d5 11. O-O Qd7 12. exd5 Nxd5 13. Bd2 Nd4 14. Bg4 f5
15. Bh5 c5 16. Re1 Nf6 17. c3 Nc6 18. Qb3+ Kh8 19. Be2 e4 20. Rad1 exd3 21. Bf1
Na5 22. Qe6 Qxe6 23. Rxe6 c4 24. Re5 Nb3 25. Bf4 Ne4 26. Re7 b6 27. Rc7 Nbc5
28. Re7 Rfe8 29. Rxe8+ Rxe8 30. f3 Nf6 31. Kf2 Nd5 32. Bd2 f4 33. g3 fxg3+ 34.
Kxg3 Nb3 35. Kf2 Nxd2 36. Rxd2 g5 37. Bg2 Nf4 38. Bf1 Kg7 39. Rd1 Kf6 40. Kg3
Nd5 41. Rd2 h5 42. Kg2 Nf4+ 43. Kf2 Kf5 44. Rd1 Nd5 45. Rd2 b5 46. Bg2 Nf4 47.
Bf1 Re5 48. Rd1 Ke6 49. Rd2 a5 50. Rd1 Kd5 51. Kg1 Kc5 52. Kf2 Re6 53. Rd2 Re7
54. Rd1 Re5 55. Rd2 Re8 56. Rd1 Kd5 57. Kg3 Rf8 58. Kf2 Rd8 59. Kg3 h4+ 60. Kg4
Rg8 61. Kf5 a4 62. Kg4 Ke6 63. Rb1 Nd5 64. f4 gxf4+ 65. Kf3 Rg3+ 66. Kf2 Ne3
67. Ra1 d2 68. Be2 Rxh3 69. Rg1 Rh2+ 70. Kf3 Rxe2 71. Kxe2 d1=Q+ 72. Rxd1 Nxd1
73. Kxd1 h3 74. Ke2 h2 {Tinker resigns} 0-1

[Event "ICS rated blitz match"]
[Site "204.178.125.65"]
[Date "2000.05.08"]
[Round "?"]
[White "Hossa"]
[Black "Tinker"]
[Result "1-0"]
[WhiteElo "2506"]
[BlackElo "2527"]
[PlyCount "99"]
[EventDate "2000.??.??"]

1. e4 e5 2. f4 exf4 3. Nf3 Be7 4. d4 Nf6 5. Nc3 Bb4 6. Bd3 d5 7. exd5 Qe7+ 8.
Qe2 Qxe2+ 9. Kxe2 Bxc3 10. bxc3 Nxd5 11. c4 Ne3 12. Kf2 O-O 13. Re1 Nc6 14. Bd2
Rd8 15. d5 Ne7 16. Bxe3 fxe3+ 17. Rxe3 Nf5 18. Bxf5 Bxf5 19. Re7 Rd7 20. Rae1
Kf8 21. Rxd7 Bxd7 22. c5 Rd8 23. c4 Bf5 24. Re3 a6 25. a3 Bg4 26. Nd4 h6 27. c6
b6 28. Re4 Bh5 29. Rf4 Rc8 30. c5 g5 31. cxb6 cxb6 32. Re4 Bg6 33. d6 Bxe4 34.
d7 Rd8 35. c7 Rxd7 36. c8=Q+ Ke7 37. Ke3 Bg6 38. Qxa6 Rd6 39. Qb7+ Ke8 40. Qc7
Rd7 41. Qb8+ Rd8 42. Qe5+ Kd7 43. Qb5+ Kd6 44. Qxb6+ Kd7 45. Qc6+ Ke7 46. Qc7+
Ke8 47. Nc6 Rd3+ 48. Ke2 Kf8 49. Qe5 Kg8 50. Ne7+ {Tinker resigns} 1-0

[Event "ICS rated blitz match"]
[Site "204.178.125.65"]
[Date "2000.05.08"]
[Round "?"]
[White "Hossa"]
[Black "PostModernist"]
[Result "0-1"]
[WhiteElo "2523"]
[BlackElo "2587"]
[PlyCount "97"]
[EventDate "2000.??.??"]

1. e4 c5 2. Nf3 d6 3. d4 Nf6 4. Nc3 cxd4 5. Nxd4 Nc6 6. Bg5 e6 7. Bb5 Qb6 8.
Be3 Qc7 9. Ba4 Be7 10. Ndb5 Qb8 11. Bf4 e5 12. Bg5 a6 13. Na3 b5 14. Bb3 b4 15.
Bxf6 gxf6 16. Qh5 Nd8 17. Ba4+ Bd7 18. Bxd7+ Kxd7 19. Nd5 bxa3 20. Qh3+ Ne6 21.
Qxa3 Rg8 22. O-O Ke8 23. b4 Qb5 24. Qh3 Rg7 25. Qc3 f5 26. f3 fxe4 27. fxe4 Kd8
28. Rf2 Rc8 29. Qe3 Bg5 30. Qe1 Nf4 31. a4 Qb8 32. Nxf4 Bxf4 33. g3 Rc4 34. Kh1
Bg5 35. b5 axb5 36. axb5 Qxb5 37. Ra8+ Ke7 38. Ra7+ Ke8 39. Ra8+ Bd8 40. Ra1
Qc6 41. Re2 f5 42. Qf2 fxe4 43. Qf5 e3+ 44. Kg1 Rf7 45. Qe6+ Be7 46. Rb1 Rb4
47. Rd1 Rf2 48. Qh3 Qf3 49. Qc8+ {Hossa resigns} 0-1

[Event "ICS rated blitz match"]
[Site "204.178.125.65"]
[Date "2000.05.08"]
[Round "?"]
[White "PostModernist"]
[Black "Hossa"]
[Result "1-0"]
[WhiteElo "2611"]
[BlackElo "2510"]
[PlyCount "93"]
[EventDate "2000.??.??"]

1. d4 Nf6 2. c4 e6 3. g3 Bb4+ 4. Bd2 Be7 5. Bg2 d5 6. Nf3 dxc4 7. Qa4+ Bd7 8.
Qxc4 O-O 9. Nc3 Bc6 10. Rc1 Nbd7 11. O-O a5 12. Qd3 Bb4 13. Rfe1 a4 14. Bf4 a3
15. b3 Nd5 16. Bg5 N7f6 17. Nxd5 Bxd5 18. Red1 Be7 19. Bxf6 Bxf6 20. e4 Bc6 21.
d5 exd5 22. exd5 Bd7 23. d6 cxd6 24. Qxd6 Bb2 25. Rc7 Bc6 26. Qxd8 Rfxd8 27.
Re1 Bf6 28. h4 Bc3 29. Rc1 Bb2 30. Re1 Rab8 31. Ng5 Bc3 32. Re2 Bb5 33. Rc2 h6
34. R2xc3 hxg5 35. R3c5 Ba6 36. hxg5 Rd1+ 37. Kh2 Rd2 38. Rf5 Rxa2 39. Rfxf7
Kh8 40. Rcd7 Rb2 41. Rf4 Kg8 42. g6 Rxf2 43. Rxf2 Rc8 44. Bd5+ Kh8 45. Rdf7 Rg8
46. Rf8 Be2 47. Rxg8# {Hossa checkmated} 1-0

[Event "ICS rated blitz match"]
[Site "204.178.125.65"]
[Date "2000.05.08"]
[Round "?"]
[White "Hossa"]
[Black "PostModernist"]
[Result "0-1"]
[WhiteElo "2499"]
[BlackElo "2622"]
[PlyCount "330"]
[EventDate "2000.??.??"]

1. e4 c6 2. d4 d5 3. e5 c5 4. dxc5 Nc6 5. Bb5 e6 6. Be3 Nge7 7. Nf3 Nf5 8. b4
Nxe3 9. fxe3 Be7 10. O-O O-O 11. a3 a5 12. Bxc6 bxc6 13. Nc3 Ba6 14. Ne2 Bc4
15. Qd2 Ra6 16. c3 Qa8 17. Nfd4 axb4 18. cxb4 Qb8 19. Nf3 Qa7 20. Nfd4 Qc7 21.
Rf2 Qxe5 22. a4 Bf6 23. a5 Rb8 24. Raf1 Qg5 25. Nf3 Qh6 26. Rc1 e5 27. Ng3 e4
28. Nf5 Qh5 29. N3d4 Bd3 30. Ng3 Qh6 31. Ndf5 Qg6 32. Nd6 d4 33. Re1 dxe3 34.
Qxe3 Bc3 35. Rxf7 Bxb4 36. Ngf5 Qxf7 37. Nxf7 Kxf7 38. Ra1 Rxa5 39. Nd6+ Kg8
40. Rxa5 Bxa5 41. Nxe4 Rb1+ 42. Kf2 Rb2+ 43. Kg3 Bc4 44. Qd4 Rb3+ 45. Kf4 Bc7+
46. Nd6 Bd5 47. Qa4 Rb8 48. Qa7 Rb4+ 49. Kg3 Rb3+ 50. Kg4 Rb4+ 51. Kg5 Bd8+ 52.
Kf5 g5 53. Ke5 Rf4 54. Nf5 Re4+ 55. Kd6 Re6+ 56. Kd7 Rf6 57. Nd6 Rf8 58. g4 Bf6
59. Qa3 Bd4 60. Qa5 Bf6 61. h3 Bg2 62. Nf5 Kh8 63. Qe1 Bd5 64. Kc7 Rg8 65. Qg3
Re8 66. Kb7 Re5 67. Qa3 Re8 68. Qa5 Rf8 69. Qe1 Rd8 70. Qe3 Rf8 71. Nd6 Bd8 72.
Ka7 Bf6 73. Qf2 Bg7 74. Qd2 h6 75. Qe3 Rf3 76. Qe8+ Rf8 77. Qe7 Kg8 78. Qb7 Rf3
79. Qc8+ Bf8 80. Nf5 Kf7 81. Qd7+ Kf6 82. Qd8+ Kf7 83. Nd6+ Kg8 84. Kb8 Rxh3
85. Kc7 Ra3 86. Qe8 Ra7+ 87. Kb6 Re7 88. Qg6+ Rg7 89. Qf5 Be7 90. Qc8+ Kh7 91.
Ka6 Bf6 92. Ne8 Rg6 93. Nc7 Bc4+ 94. Kb7 Bb2 95. Qe8 Bg7 96. Ka7 Bg8 97. Kb6
Rf6 98. Qd8 Rg6 99. Qe7 Bb3 100. Kb7 Rf6 101. Qe4+ Kh8 102. Qe8+ Bg8 103. Qd8
Rf4 104. Kxc6 Rxg4 105. Ne6 Re4 106. Nxg7 Kxg7 107. Kb6 Rb4+ 108. Kc7 Bf7 109.
c6 g4 110. Qd2 Re4 111. Kb7 Re7+ 112. c7 Be6 113. Kb6 Rf7 114. Qc3+ Kg6 115.
Qc2+ Bf5 116. c8=Q Rf6+ 117. Ka7 Bxc2 118. Qxc2+ Rf5 119. Kb7 h5 120. Kc7 g3
121. Qe4 Kg5 122. Kd7 h4 123. Qc4 h3 124. Qe6 h2 125. Qg8+ Kh4 126. Qh8+ Kg4
127. Ke7 Rf2 128. Qc8+ Kh4 129. Qc4+ Kh3 130. Qc8+ Kg2 131. Qa8+ Rf3 132. Qa2+
Kg1 133. Qb1+ Rf1 134. Qb6+ Kh1 135. Qb8 g2 136. Qb7 Re1+ 137. Kf6 Kg1 138.
Qb6+ Kf1 139. Qb5+ Re2 140. Qb1+ Kf2 141. Qf5+ Ke1 142. Qb1+ Kd2 143. Qa2+ Kc1
144. Qa1+ Kc2 145. Qa2+ Kc3 146. Qa3+ Kc4 147. Qa6+ Kc3 148. Qa3+ Kc4 149. Qa6+
Kc3 150. Qc6+ Kb2 151. Qb7+ Ka1 152. Qa7+ Ra2 153. Qd4+ Kb1 154. Qb4+ Rb2 155.
Qe1+ Kc2 156. Qe4+ Kd1 157. Qe3 g1=Q 158. Qf3+ Re2 159. Qd5+ Ke1 160. Qf3 Rf2
161. Qf5 Rxf5+ 162. Ke7 h1=Q 163. Kd8 Qd5+ 164. Kc8 Qgc5+ 165. Kb8 Rf8# {
Hossa checkmated} 0-1

[Event "ICS rated blitz match"]
[Site "204.178.125.65"]
[Date "2000.05.08"]
[Round "?"]
[White "brutus"]
[Black "Hossa"]
[Result "0-1"]
[WhiteElo "2117"]
[BlackElo "2488"]
[PlyCount "56"]
[EventDate "2000.??.??"]

1. e4 e5 2. Nf3 Nc6 3. Bb5 a6 4. Ba4 Nf6 5. Qe2 b5 6. Bb3 Bc5 7. c3 O-O 8. d3
b4 9. Bg5 bxc3 10. bxc3 d6 11. Nbd2 Rb8 12. O-O Be6 13. Nc4 Qe7 14. Ne3 Bxe3
15. fxe3 Bxb3 16. axb3 Rxb3 17. Rxa6 Nb8 18. Ra2 Rxc3 19. Nh4 Nbd7 20. Nf5 Qd8
21. Qe1 Rxd3 22. Qh4 Re8 23. Nxg7 Kxg7 24. Qh6+ Kh8 25. Rxf6 Rd1+ 26. Kf2 Qb8
27. Rxf7 Rf1+ 28. Kg3 Rxf7 {brutus resigns} 0-1

[Event "ICS rated blitz match"]
[Site "204.178.125.65"]
[Date "2000.05.08"]
[Round "?"]
[White "QueenMaxima"]
[Black "Hossa"]
[Result "1-0"]
[WhiteElo "2473"]
[BlackElo "2491"]
[PlyCount "149"]
[EventDate "2000.??.??"]

1. e4 e5 2. Nf3 Nc6 3. Bb5 a6 4. Ba4 Nf6 5. O-O Be7 6. Re1 b5 7. Bb3 O-O 8. c3
d6 9. h3 Nd7 10. d4 Nb6 11. Nbd2 Bd7 12. Qe2 b4 13. dxe5 bxc3 14. bxc3 dxe5 15.
Nc4 Nxc4 16. Bxc4 Qc8 17. Rb1 Bd6 18. Rd1 Na5 19. Bd3 Ba4 20. Rf1 Nc6 21. Be3
Rd8 22. Bc4 Na5 23. Bd5 c6 24. Bb3 Bxb3 25. axb3 c5 26. Qa2 Nc6 27. Rfd1 Qb7
28. Rd5 Ne7 29. Rd2 Qxe4 30. Rbd1 Bc7 31. Bxc5 Nd5 32. Qa1 Nf4 33. Rxd8+ Rxd8
34. Rxd8+ Bxd8 35. Be3 Ne2+ 36. Kh2 Qd3 37. c4 Bc7 38. Qa4 e4+ 39. g3 Qd8 40.
Ng5 Nc3 41. Qc6 Qe7 42. Bd4 Ne2 43. Bc5 Qd8 44. Qxe4 g6 45. Qxe2 h6 46. Nf3 Qa8
47. Be3 Qe4 48. c5 a5 49. Nd4 Qd5 50. Qb5 Kh7 51. Qc6 Qd8 52. f4 Qe7 53. Bd2 h5
54. Kg2 h4 55. gxh4 Kg8 56. Bc3 Bxf4 57. Qa8+ Qf8 58. Qxf8+ Kxf8 59. Bxa5 Be3
60. c6 Ke7 61. Nb5 Bc5 62. c7 Kd7 63. b4 Be3 64. Nd6 Kxd6 65. c8=Q Bh6 66. Qh8
Bd2 67. Qd8+ Ke6 68. Qxd2 f5 69. Qg5 Kf7 70. Kg3 Kg7 71. Qe7+ Kh8 72. b5 Kg8
73. Bc3 f4+ 74. Kg4 g5 75. Qg7# {Hossa checkmated} 1-0

[Event "ICS rated blitz match"]
[Site "204.178.125.65"]
[Date "2000.05.08"]
[Round "?"]
[White "Hossa"]
[Black "Vanhelgi"]
[Result "1-0"]
[WhiteElo "2474"]
[BlackElo "2314"]
[PlyCount "29"]
[EventDate "2000.??.??"]

1. e4 e5 2. Nf3 Nc6 3. Nc3 Nf6 4. Nxe5 Nxe5 5. d4 Nc6 6. d5 Nb8 7. e5 Ng8 8. d6
cxd6 9. exd6 Qa5 10. Bf4 Nf6 11. Bc4 Qc5 12. Qe2+ Kd8 13. O-O-O Nc6 14. Bxf7 b5
15. Rhe1 {Vanhelgi resigns} 1-0

[Event "ICS rated blitz match"]
[Site "204.178.125.65"]
[Date "2000.05.08"]
[Round "?"]
[White "ravielig"]
[Black "Hossa"]
[Result "1-0"]
[WhiteElo "1981"]
[BlackElo "2483"]
[PlyCount "97"]
[EventDate "2000.??.??"]

1. e4 e5 2. Nf3 Nc6 3. Bb5 a6 4. Ba4 Nf6 5. O-O Be7 6. Re1 b5 7. Bb3 O-O 8. d3
d6 9. c3 b4 10. Nbd2 bxc3 11. bxc3 Rb8 12. h3 Bb7 13. d4 exd4 14. cxd4 d5 15.
e5 Nh5 16. Nf1 Bb4 17. Bd2 g6 18. Bxb4 Nxb4 19. Qd2 Ba8 20. Ne3 Nf4 21. Ng4
Nbd3 22. Nf6+ Kg7 23. Re3 c5 24. Rxd3 Nxd3 25. Nh4 c4 26. Nf5+ gxf5 27. Qg5+
Kh8 28. Qh6 Qxf6 29. Qxf6+ Kg8 30. Ba4 Rb2 31. Bd7 Nf4 32. Bxf5 Bb7 33. Qg5+
Ng6 34. e6 Kg7 35. e7 Re8 36. Bxg6 fxg6 37. Qe5+ Kf7 38. Re1 h6 39. Qe6+ Kg7
40. Qd6 a5 41. Re6 Rb1+ 42. Kh2 Kh7 43. Rxg6 Rb6 44. Qxb6 Bc6 45. Rxc6 Kg8 46.
Rg6+ Kh8 47. Rxh6+ Kg7 48. Qf6+ Kg8 49. Rh8# {Hossa checkmated} 1-0

[Event "ICS rated blitz match"]
[Site "204.178.125.65"]
[Date "2000.05.08"]
[Round "?"]
[White "Hossa"]
[Black "ravielig"]
[Result "1-0"]
[WhiteElo "2453"]
[BlackElo "2011"]
[PlyCount "39"]
[EventDate "2000.??.??"]

1. e4 c5 2. Nf3 e6 3. d4 cxd4 4. Nxd4 Nf6 5. Nc3 d6 6. Be2 Be7 7. O-O O-O 8. f4
Nc6 9. Be3 a6 10. Bf3 Bd7 11. Qd2 Qc7 12. Rad1 Rac8 13. Qf2 Rfe8 14. Nxc6 Bxc6
15. Bb6 Qb8 16. Ba7 Qa8 17. e5 dxe5 18. fxe5 Nd7 19. Bxc6 Rxc6 20. Rxd7 {
ravielig resigns} 1-0

[Event "ICS rated blitz match"]
[Site "204.178.125.65"]
[Date "2000.05.08"]
[Round "?"]
[White "ravielig"]
[Black "Hossa"]
[Result "0-1"]
[WhiteElo "2009"]
[BlackElo "2455"]
[PlyCount "122"]
[EventDate "2000.??.??"]

1. e4 e5 2. Nf3 Nc6 3. Bb5 a6 4. Ba4 Nf6 5. O-O Be7 6. Re1 b5 7. Bb3 d6 8. c3
O-O 9. h3 Bb7 10. d4 Re8 11. Nbd2 Bf8 12. Bc2 g6 13. b3 b4 14. d5 bxc3 15. Nb1
Nd4 16. Nxc3 Bg7 17. Bd3 c5 18. Bb2 Qc7 19. Nd2 Rab8 20. Nc4 Ba8 21. Bc1 Nd7
22. Be3 Nb6 23. Qd2 f5 24. Bh6 Bxh6 25. Qxh6 Nxc4 26. bxc4 f4 27. h4 Qd8 28.
Qg5 Qxg5 29. hxg5 Rb2 30. Rab1 Reb8 31. Rxb2 Rxb2 32. Rb1 Rxb1+ 33. Nxb1 Bb7
34. Nd2 a5 35. Nb3 a4 36. Na5 Ba8 37. Kh2 a3 38. Kh3 Kf8 39. Kg4 Ke8 40. g3
fxg3 41. Kxg3 Kd7 42. f4 exf4+ 43. Kxf4 Kc7 44. e5 dxe5+ 45. Kxe5 Kb6 46. Nc6
Bxc6 47. dxc6 Nxc6+ 48. Kf6 Nd4 49. Kg7 Ka5 50. Kxh7 Kb4 51. Kxg6 Ne6 52. Kf6
Nxg5 53. Kxg5 Kc3 54. Be4 Kb2 55. Kf5 Kxa2 56. Ke5 Kb3 57. Bb1 Kb2 58. Be4 a2
59. Kd5 a1=Q 60. Kxc5 Kc3 61. Kd5 Qd1+ {ravielig resigns} 0-1

[Event "ICS rated blitz match"]
[Site "204.178.125.65"]
[Date "2000.05.08"]
[Round "?"]
[White "Hossa"]
[Black "QueenMaxima"]
[Result "0-1"]
[WhiteElo "2457"]
[BlackElo "2498"]
[PlyCount "120"]
[EventDate "2000.??.??"]

1. e4 c5 2. Nf3 e6 3. d4 cxd4 4. Nxd4 Nc6 5. Nc3 Qc7 6. Be3 a6 7. Na4 d5 8.
Nxc6 bxc6 9. exd5 cxd5 10. Bd3 Nf6 11. Nb6 Rb8 12. Nxc8 Qxc8 13. Bd4 Bc5 14.
Be5 Rb6 15. O-O Qd7 16. Qf3 Qe7 17. Qe2 Bd6 18. Bd4 Bc5 19. Bxf6 Qxf6 20. c3 a5
21. Bb5+ Ke7 22. Bd3 d4 23. Qh5 Rc8 24. b4 axb4 25. cxb4 Rxb4 26. Qxh7 g6 27.
Qh6 Bd6 28. g3 Rb2 29. a4 Rc3 30. Rab1 Rxb1 31. Bxb1 Rc4 32. a5 Ra4 33. Qc1
Rxa5 34. Qc8 Qf3 35. Qh8 Be5 36. Qc8 Qa8 37. Qc4 Qa7 38. Rc1 Ra1 39. Qb4+ Bd6
40. Qb2 e5 41. Rc6 d3 42. Rc3 e4 43. Rc1 Qa3 44. Qxa3 Bxa3 45. Rf1 d2 46. Rd1
Rxb1 47. Rxb1 Bc1 48. Rb7+ Ke6 49. Rb6+ Ke5 50. Rb5+ Kd4 51. Rb7 d1=Q+ 52. Kg2
Qf3+ 53. Kg1 e3 54. Rd7+ Kc4 55. h4 Qxf2+ 56. Kh1 Qxg3 57. Rxf7 e2 58. Rc7+
Qxc7 59. Kg2 e1=Q 60. Kh3 Qcg3# {Hossa checkmated} 0-1

[Event "ICS rated blitz match"]
[Site "204.178.125.65"]
[Date "2000.05.08"]
[Round "?"]
[White "RusMafia"]
[Black "Hossa"]
[Result "1/2-1/2"]
[WhiteElo "1950"]
[BlackElo "2443"]
[PlyCount "68"]
[EventDate "2000.??.??"]

1. d4 d5 2. c4 c6 3. Nc3 Nf6 4. Nf3 e6 5. Bg5 Nbd7 6. e3 Be7 7. Qc2 h6 8. Bh4
g5 9. Bg3 g4 10. Ne5 h5 11. h3 gxh3 12. Rxh3 Nxe5 13. Bxe5 Bd6 14. Bxd6 Qxd6
15. O-O-O e5 16. dxe5 Qxe5 17. Rh4 Bg4 18. Be2 Bxe2 19. Nxe2 O-O-O 20. cxd5
Rxd5 21. Rxd5 Qxd5 22. Nc3 Qxg2 23. Qf5+ Nd7 24. Rd4 Qg1+ 25. Rd1 Qg4 26. Qxf7
Rf8 27. Qe7 Rxf2 28. Ne4 Rg2 29. Nd6+ Kc7 30. Ne8+ Kc8 31. Nd6+ Kc7 32. Ne8+
Kc8 33. Nd6+ Kc7 34. Ne8+ Kc8 1/2-1/2

[Event "ICS rated blitz match"]
[Site "204.178.125.65"]
[Date "2000.05.08"]
[Round "?"]
[White "Hossa"]
[Black "QueenMaxima"]
[Result "0-1"]
[WhiteElo "2429"]
[BlackElo "2512"]
[PlyCount "140"]
[EventDate "2000.??.??"]

1. e4 c5 2. Nf3 d6 3. d4 cxd4 4. Nxd4 Nf6 5. Nc3 a6 6. Bg5 e6 7. f4 b5 8. e5
dxe5 9. fxe5 Qc7 10. exf6 Qe5+ 11. Be2 Qxg5 12. Qd3 Ra7 13. O-O Rd7 14. Ne4 Qe5
15. c3 Bb7 16. Bf3 Bxe4 17. Bxe4 Bd6 18. g3 gxf6 19. Rfe1 Qc5 20. Kh1 Be7 21.
Qe3 e5 22. Nc6 Qxe3 23. Rxe3 O-O 24. Bf5 Bc5 25. Re2 Rd5 26. Be4 Rd6 27. Ne7+
Kh8 28. Nf5 Rd7 29. a4 b4 30. Rae1 Rfd8 31. c4 b3 32. Bd5 Rc8 33. g4 Nc6 34. g5
Bb4 35. Rg1 fxg5 36. Bxc6 Rxc6 37. Rxe5 h6 38. Re4 Kh7 39. Rf1 Kg6 40. Ne3 Rd2
41. Nd5 Bd6 42. Rf6+ Kg7 43. Re7 Rxc4 44. Rfxf7+ Kg6 45. Rg7+ Kh5 46. Nf6+ Kh4
47. Re4+ Rxe4 48. Nxe4 Rxh2+ 49. Kg1 Bf4 50. Rg6 Kh5 51. Rxa6 Rxb2 52. Nf6+ Kh4
53. Nd5 Kg3 54. Kf1 Kf3 55. Re6 Rc2 56. Nxf4 Rc1+ 57. Re1 Rxe1+ 58. Kxe1 b2 59.
Nd3 b1=Q+ 60. Kd2 Qa2+ 61. Kc3 Qxa4 62. Ne5+ Ke4 63. Ng4 Qc6+ 64. Kb2 Qb7+ 65.
Ka3 Kd3 66. Nf2+ Kc4 67. Ka2 Qa7+ 68. Kb1 Qxf2 69. Kc1 Kc3 70. Kd1 Qd2# {
Hossa checkmated} 0-1